| 000 | 01009nam a2200253 a 4500 | ||
|---|---|---|---|
| 001 | 000015122 | ||
| 005 | 20200929163948.0 | ||
| 008 | 100201s2007 dr r 001 0 spa d | ||
| 040 |
_aDO-SdBNP _bspa _cBNPHU |
||
| 082 |
_a230 _bR763p |
||
| 100 | 1 |
_aRomero Ramos, Darío, _d1947- _934217 |
|
| 245 | 1 | 0 |
_aA propósito de... El Código Da Vinci : _b¡una respuesta! / _cDan Brown, Darío Romero Ramos. |
| 260 |
_aSan Pedro de Macorís, República Dominicana : _b[s.n.], _c2007. |
||
| 300 |
_a313 p. ; _c21 cm. |
||
| 500 | _aIncluye datos biográficos del autor en la solapa de la cubierta | ||
| 500 | _aIncluye bibliografía y notas al pie de páginas. | ||
| 504 | _aBibliografía : p. 314-316. | ||
| 590 | _aInventariado, 2018/BT | ||
| 600 | 1 | 4 |
_aBROWN, DAN, _d1964-, _tEL CÓDIGO DA VINCI _934218 |
| 650 | 4 |
_aReligión en la literatura _91109 |
|
| 650 | 4 |
_aCristianismo y literatura _91108 |
|
| 650 | 4 |
_aDoctrina teológica _xEnsayos, conferencias, etc. _934219 |
|
| 910 | _aValidado. Control de calidad. EMS | ||
| 999 |
_c14694 _d14694 |
||